=LDR 00000nam 2200000 4500 =001 INLIS000000000043975 =005 20230515093837 =035 ##$$a 0010-101300000001897 =008 230515################g##########0#ind## =041 ##$$a Ind =082 ##$$a R. 297.650 3 =090 ##$$a 2X6.650 3, Yus e =245 ##$$a Ensiklopedi Muhammadiyah /$c Prof. Dr. H.M. Yunan Yusuf...[et.al] =260 ##$$a Jakarta :$b PT. Raja Grafindo Persada,$c 2005 =300 ##$$a xxiii, 425 hlm. : $b ilus ; $c 26 x 19 cm. =650 #4$$a Muhammadiyah-Ensiklopedia =850 ##$$a NBPNMAT =020 ##$$a 979-3654-70-8 =084 ##$$a R. 297.650 3 ENS e =990 ##$$a 20612000 =990 ##$$a 20612003 =990 ##$$a 2100132 =990 ##$$a 2100131 =990 ##$$a 30700888 =990 ##$$a 30700889 =990 ##$$a 30700890 =990 ##$$a 30700890 =990 ##$$a 20612000 =990 ##$$a 20612003 =990 ##$$a 2100132 =990 ##$$a 2100131 =990 ##$$a 30700888 =990 ##$$a 30700889 =990 ##$$a 30700889 =990 ##$$a 20612000 =990 ##$$a 20612003 =990 ##$$a 2100132 =990 ##$$a 2100131 =990 ##$$a 30700888 =990 ##$$a 30700890 =990 ##$$a 30700888 =990 ##$$a 20612000 =990 ##$$a 20612003 =990 ##$$a 2100132 =990 ##$$a 2100131 =990 ##$$a 30700889 =990 ##$$a 30700890 =990 ##$$a 2100131 =990 ##$$a 20612000 =990 ##$$a 20612003 =990 ##$$a 2100132 =990 ##$$a 30700888 =990 ##$$a 30700889 =990 ##$$a 30700890 =990 ##$$a 2100132 =990 ##$$a 20612000 =990 ##$$a 20612003 =990 ##$$a 2100131 =990 ##$$a 30700888 =990 ##$$a 30700889 =990 ##$$a 30700890 =990 ##$$a 20612003 =990 ##$$a 20612000 =990 ##$$a 2100132 =990 ##$$a 2100131 =990 ##$$a 30700888 =990 ##$$a 30700889 =990 ##$$a 30700890 =990 ##$$a 20612000 =990 ##$$a 20612003 =990 ##$$a 2100132 =990 ##$$a 2100131 =990 ##$$a 30700888 =990 ##$$a 30700889 =990 ##$$a 30700890